"Hello" and "Goodbye" in 15 Languages! - Statistics

General Stats
  • This quiz has been taken 1,071 times
  • The average score is 7 of 15
Answer Stats
TYPE Counterpart1 Counterpart2 # Answer % Correct
Language Hola Adios 1 Spanish
99%
Language Ciao Addio 2 Italian
96%
Language مرحبا وداعا 5 Arabic
89%
Goodbye English Hello 2 Bye
88%
Language 你好 再见 4 Chinese
86%
Hello French Adieu 1 Bonjour
85%
Hello Dutch Doei 4 Hallo
45%
Language Helô Hwyl Faur 3 Welsh
43%
Goodbye German Guten Tag 1 Tschüss
31%
Hello Indonesian Bye 3 Halo
27%
Hello Czech Sbohem 5 Ahoj
14%
Hello Serbian Здраво 2 Здраво
13%
Goodbye Turkish Merhaba 4 Hoşçakal
9%
Goodbye Greek Χαίρετε 3 Αντίο
6%
Goodbye Punjabi ਸਤ ਸ੍ਰੀ ਅਕਾਲ 5 ਉਪ
1%
No matching quizzes found
Score Distribution
Percent of People with Each Score
Percentile by Number Answered
Your Score History
You have not taken this quiz